000 00433nam a2200169Ia 4500
008 221030s9999 xx 000 0 und d
020 _a0074518658
041 _aEnglish
082 _a105.23
_bRoy
100 _aM. K. Roy
245 0 _aCobol Programming : Problems & Solutions
_cby M. K. Roy, D. G. Dastidar
260 _bTMH
_aNew Delhi
_c2002
300 _a309
650 _aBE Computer
700 _aD. G. Dastidar
942 _cBK
999 _c1617
_d1617